Методы оптимизации сложных теплоэнергетических установок

Bibliographic Details
Other Authors: Булатов В. П. Валерьян Павлович (редактор)
Language:Russian
Published: Новосибирск, Наука, 1993
Subjects:
Format: Book
KOHA link:https://koha.lib.tpu.ru/cgi-bin/koha/opac-detail.pl?biblionumber=32436

MARC

LEADER 00000nam0a2200000 4500
001 32436
005 20231030204857.0
010 |a 5020303100 
035 |a (RuTPU)RU\TPU\book\32733 
035 |a BOOK00000083 
090 |a 32436 
100 |a 20011210d1993 k y0rusy50 ca 
101 0 |a rus 
102 |a RU 
105 |a a z 001zy 
200 1 |a Методы оптимизации сложных теплоэнергетических установок  |f Отв. ред. В. П. Булатов 
210 |a Новосибирск  |c Наука  |d 1993 
215 |a 115 с.  |c ил. 
320 |a Библиогр.: с. 110-114. 
610 1 |a теплоэнергетика 
610 1 |a установки 
610 1 |a оптимизация 
610 1 |a сложные ТЭУ 
610 1 |a математическое моделирование 
675 |a 621.1.002.3  |v 3 
702 1 |a Булатов  |b В. П.  |g Валерьян Павлович  |4 340 
801 0 |a RU  |b 63413507  |c 20011210  |g PSBO 
801 2 |a RU  |b 63413507  |c 20051121  |g PSBO 
942 |c BK